000 00332nam a22001451a 4500
082 _aM3
_bJOJ/V
100 _aJoji
245 _aVangoginte kootukar/
_cby Joji
260 _aThrissur:
_bNishagandhi,
_c2000.
300 _a160p.
650 _aNovel Malayalam
650 _aLiterature Malayalam
650 _aLiterature
942 _cBK
999 _c49086
_d49086